| 000 | 02154nam0a2200373 4500 | ||
|---|---|---|---|
| 001 | RU\NLR\bibl\1382093 | ||
| 005 | 20260409065504.0 | ||
| 010 |
_a978-5-94455-851-0 _98000 |
||
| 021 |
_aRU _b2009-30288 _91820 |
||
| 035 | _a(nilc)RSL-KNO-004145467 | ||
| 035 | _aRU\NLR\bibl\1312765 | ||
| 035 | _a(NLR Aleph) 001374174 | ||
| 090 |
_a1060784 _c1060784 |
||
| 100 | _a20081112d2008 |||y0rusy50 ca | ||
| 101 | 0 |
_arus _aeng |
|
| 102 | _aRU | ||
| 105 | _ay ||||||||| | ||
| 200 | 1 |
_aАнглийская грамматика в таблицах и схемах _e[транскрипция, словообразование, все части речи _eдля школьников и родителей] _fО. Д. Ушакова |
|
| 210 |
_aСанкт-Петербург _cЛитера _d2008 |
||
| 215 |
_a222, [1] с. _cил., табл. _d22 |
||
| 225 | 1 | _aСредняя школа | |
| 606 |
_aАнглийский язык _jУчебные издания для средней школы _xГрамматика _9969198 _3RU\NLR\auth\6644367 |
||
| 610 | 2 | _aФилологические науки. Художественная литература -- Языкознание -- Индоевропейские языки -- Германские языки -- Западногерманские языки -- Английский язык -- Преподавание и методика изучения языка -- Учебники и учебные пособия по отдельным аспектам языка -- Учебники и пособия по грамматике, орфографии и пунктуации -- Грамматика -- Учебные пособия для средней школы -- Справочные издания | |
| 686 |
_aШ143.21-932.202.1я2 _2rubbk |
||
| 686 |
_aШ143.21-93рус2-2 _2rubbk |
||
| 686 | _aШ143.21-93рус2-2 | ||
| 700 | 1 |
_aУшакова _bО. Д. _gОльга Дмитриевна _4070 |
|
| 801 | 0 |
_aRU _bРГБ _c20081112 _gRCR |
|
| 801 | 1 |
_aRU _bРГБ _c20081112 |
|
| 801 | 2 |
_aRU _bNLR _c20090616 |
|
| 801 | 2 |
_aRU _bNLR _c20100528 _grcr |
|
| 942 | _cBOOK | ||
| 980 | _aNB | ||